Units of measurement - Statistics

General Stats
  • This quiz has been taken 35 times
  • The average score is 9 of 20
Answer Stats
Hint Answer % Correct
10^-3 Milli (m)
92%
10^9 Giga (G)
76%
10^3 Kilo (k)
76%
10^6 Mega (M)
76%
10^-9 Nano (n)
76%
10^-2 Centi (c)
68%
10^-1 Deci (d)
68%
10^12 Tera (T)
68%
10^15 Peta (P)
36%
10^24 Yotta (Y)
36%
10^-15 Femto (f)
32%
10^1 Deka (da)
28%
10^18 Exa (E)
28%
10^-6 Mikro (𝝁)
24%
10^-21 Zepto (z)
24%
10^21 Zetta (Z)
24%
10^-18 Atto (a)
20%
10^-12 Piko (p)
20%
10^2 Hekto (h)
16%
10^-24 Yokto (y)
8%
No matching quizzes found
Score Distribution
Percent of People with Each Score
Percentile by Number Answered
Your Score History
You have not taken this quiz